| 000 | 00555nam a2200181Ia 4500 | ||
|---|---|---|---|
| 008 | 140321s9999 xx 000 0 und d | ||
| 020 | _a9789719919230 | ||
| 050 |
_aHF 5661 _b.G934 2012 |
||
| 100 | _aGuerrero, Pedro P. | ||
| 245 |
_aCPA problems and procedural approaches to solutions : _bpractical accounting 2 / _cPedro P. Guerrero. |
||
| 250 | _a2013 ed. | ||
| 260 |
_aManila : _bGIC Enterprises, _cc2012. |
||
| 300 |
_a624 p. : _c23 cm. |
||
| 521 | _aBSA | ||
| 650 |
_aAccounting _xProblems, exercises, etc. |
||
| 942 |
_kLOC _cBK |
||
| 999 |
_c48378 _d48378 |
||